000 00573nam a2200229Ia 4500
003 OSt
005 20220924145913.0
006 a|||||r|||| 00| 0
007 ta
008 220923b |||||||| |||| 00| 0 tel d
024 _a330814
037 _cTextual
040 _aARTS
_cARTS
_btel
041 _2tel
_atel
082 _aO157,3M76,17, 35K5
100 _aSharat babu
245 0 _aTeerani korikalu
260 _c1965
650 _aBENGALI LITERATURE
942 _hO157,3M76,17, 35K5
_cTEXL
_2CC
999 _c461565
_d461565